The business environment of the seventies : A trend analysis for business planning

שמור ב:
מידע ביבליוגרפי
מחבר ראשי: Dunckel, Earl B.
פורמט: ספר
שפה:Undetermined
יצא לאור: New York McGraw- Hill 1970
נושאים:
תגים: הוספת תג
אין תגיות, היה/י הראשונ/ה לתייג את הרשומה!
Thư viện lưu trữ: Trung tâm Học liệu Trường Đại học Cần Thơ
LEADER 00522nam a2200181Ia 4500
001 CTU_86455
008 210402s9999 xx 000 0 und d
082 |a 338.54 
082 |b D898 
100 |a Dunckel, Earl B. 
245 4 |a The business environment of the seventies : 
245 2 |b A trend analysis for business planning 
260 |a New York 
260 |b McGraw- Hill 
260 |c 1970 
650 |a Economic forecasting,Forecasting 
904 |i Năm 
980 |a Trung tâm Học liệu Trường Đại học Cần Thơ